00258nam a2200109Ia 4500008004100000082001300041082000800054245006100062245000800123260000800131300000900139231017s9999 xx 000 0 und d a624.1834 bACI 0aRecent approaches to shear design of structural concrete 0cACI bACI c30cm